| 000 | 01448nam0a22003011 4500 | ||
|---|---|---|---|
| 001 | v19\rc\1888298 | ||
| 005 | 20251118180352.3 | ||
| 035 | _a(NLR Aleph) 004976259 | ||
| 090 |
_a6137481 _c6137481 |
||
| 100 | _a20080221d1910 |||y0rusy50 ca | ||
| 101 | 0 | _arus | |
| 102 | _aRU | ||
| 105 | _aab z ||||| | ||
| 200 | 1 |
_aОтчет по статистико-экономическому и техническому исследованию золотопромышленности Алтайского горного округа _fЭ.К. Фрейман, горн. инж. _gКомис. для собр. и разработки сведений о сиб. золотопром. и для составления прогр. исслед. золотоносных р-нов |
|
| 210 |
_aСанкт-Петербург _cтипо-лит. "Якорь" _d1910 |
||
| 215 |
_aXII, 176, 259 с., 16 л. ил., карт. _d25 |
||
| 700 | 1 |
_aФрейман _bЭ. К. _gЭдуард Карлович |
|
| 712 | 0 | 1 |
_aРоссия _bКомис. для собрания и разработки сведений о сибирской золотопромышленности _3RU\NLR\AUTH\889937182 |
| 801 | 0 |
_aRU _bNLR _gpsbo |
|
| 801 | 0 |
_aRU _bRuMoRGB _2psbo |
|
| 801 | 1 |
_aRU _bProSoft-M _2rusmarc |
|
| 852 |
_aNLR _j94/903 |
||
| 899 |
_aRuMoRGB _jU 125/1299 |
||
| 899 |
_aRuMoRGB _jU 307/177 |
||
| 899 | _aГПИБ | ||
| 899 | _aНБ МГУ | ||
| 942 | _cBOOK | ||
| 980 | _aNB | ||